000 00742nam a2200205Ia 4500
003 GCL
008 140319s9999 xx 000 0 ara d
040 _aGCL /
_cGCL
082 0 4 _a953.804
_bم ك
100 1 _aميمونة خليفة العزبى الصباح
245 1 0 _aالكويت فى الاتفاقية الانجليزية التركية لعام 1913 /
_cميمونة خليفة العزبى الصباح
260 _a[S.N] :
_bمعهد البحوث والدراسات العربية ،
_c1992
300 _a170 ص
490 _aالدراسات الخاصة
_v0
650 0 4 _aالعصر الحديث
650 0 4 _aالكويت
650 0 4 _aتاريخ
650 0 4 _aالاحتلال البريطانى
942 _2ddc
_cBK
999 _c31031
_d31031